| 000 | 00647nam a2200229Ia 4500 | ||
|---|---|---|---|
| 003 | GCL | ||
| 008 | 140319s9999 xx 000 0 ara d | ||
| 040 |
_aGCL / _cGCL |
||
| 082 | 0 | 4 |
_a001.5 _bم ا |
| 100 | 1 | _aلطفى عبدالقادر | |
| 245 | 1 | 0 |
_aالاعلام وحرية المجتمع فى موكب التاريخ / _cلطفى عبدالقادر |
| 700 | 1 | _aمحمود متولى | |
| 300 | _a201 ص | ||
| 490 | _a | ||
| 650 | 0 | 4 | _aالمجتمع |
| 650 | 0 | 4 | _aنظريات |
| 650 | 0 | 4 | _aالاعلام |
| 650 | 0 | 4 | _aالدعاية |
| 650 | 0 | 4 | _aوسائل الاعلام |
| 650 | 0 | 4 | _aالراى العام |
| 942 |
_2ddc _cBK |
||
| 999 |
_c39130 _d39130 |
||